000 00424nam a2200157Ia 4500
008 240729s9999 xx 000 0 und d
022 _a2049-3169
245 0 _aInternational Journal of Oral Science
260 _aUnited Kingdom
260 _bNature Publishing Group
650 _a Dentistry
650 _aMedicine
856 _uhttps://doaj.org/toc/7373ba8f0dcf4571954148e2a8bd0d81
942 _2ddc
942 _cDOAJEJ
999 _c70285
_d70285
945 _a1
_bMadushi Gamage
_c1
_dMadushi Gamage